Pays qui possédaient Taipei à travers l'histoire - Statistiques

Statistiques générales
  • Ce quiz a été pris 46 fois
  • Le résultat moyen est 5 sur 8
Statistiques - réponses
Période Pays % Correct
1945 - 1949 République de Chine
100%
1949 - Aujourd'hui République populaire de Chine
100%
1895 - 1945 Empire du Japon
98%
1949 - Aujourd'hui République de Chine / Taïwan
80%
1642 - 1661 Formose Neerlandais
45%
1626 - 1642 Formose Espagnol
41%
1661 - 1683 Royaume de Tungning (Formose) / Dynastie Ming
34%
1683 - 1895 Dynastie Qing
32%
Aucun quiz correspondant
Distribution des résultats
% des personnes avec chaque résultat
Percentile par nombre de réponses
Votre historique - résultats
Vous n’avez pas pris ce quiz